Australian Foods by Picture - Statistics

General Stats
  • This quiz has been taken 298 times
  • The average score is 10 of 15
Answer Stats
Picture Answer % Correct
Vegemite
95%
Tim Tams
92%
Meat Pie
83%
Fairy Bread
82%
Pavlova
78%
Lamingtons
77%
Milo
77%
Anzac Biscuits
73%
Golden Gaytime
62%
Shapes
58%
Caramello Koala
57%
Twisties
57%
Burger Rings
53%
Cheezels
51%
Frog in a Pond
40%
No matching quizzes found
Score Distribution
Percent of People with Each Score
Percentile by Number Answered
Your Score History
You have not taken this quiz